| 000 | 01059nam a2200265 i 4500 | ||
|---|---|---|---|
| 003 | DO-SdBNP | ||
| 005 | 20250718083253.0 | ||
| 007 | ta | ||
| 008 | 250527b2024 dr a|||| |||| 00| 0 spa d | ||
| 020 | _a9789945649239 | ||
| 040 |
_aDO-SdBNP _bspa _cBNPHU _erda |
||
| 082 |
_axxx _bV145 _222 |
||
| 100 | 1 |
_aValdez Esterlin José _eautor _4aut. _987698 |
|
| 245 | 1 | 0 |
_aAprendiendo a escuchar a Dios / _cEsterlín José Valdez |
| 250 | _aPrimera edición | ||
| 264 |
_aSanto Domingo : _bPensamiento Bíblico editores, _c2024. |
||
| 300 |
_a97 páginas ; _bilustraciones _c21 cm. |
||
| 336 |
_atexto _btxt _2rdacontent |
||
| 337 |
_asin mediación _bn _2rdamedia |
||
| 338 |
_avolumen _bnc _2rdacarrier |
||
| 520 | _aEl que se levanta por Dios, Dios se levanta por él, si empiezas a hablar con Dios, Dios terminara hablando contigo. Este libro trata sobre la comunicación de abajo hacia arriba, ósea cuando hablamos con Dios, y de arriba hacia bajo, cuando Dios habla con nosotros | ||
| 590 | _aInventariado, 2025/ YL | ||
| 910 | _aYLockward | ||
| 942 |
_2ddc _cLBS1 |
||
| 999 |
_c58958 _d58958 |
||